[Event "Torneo Internazionale"]
[Site "Dortmund BRD"]
[Date "1978.04.??"]
[Round "2"]
[White "Gipslis, Aivars"]
[Black "Tatai, Stefano"]
[Result "1/2-1/2"]
[WhiteElo "2540"]
[BlackElo "2455"]
[PlyCount "78"]
[EventDate "1978.04.11"]

1. e4 c5 2. Nf3 d6 3. d4 Nf6 4. Nc3 cxd4 5. Nxd4 a6 6. Be3 e5 7. Nb3 Be6 8. Qd2
Be7 9. f3 Nbd7 10. g4 Nb6 11. g5 Nfd7 12. O-O-O Qc7 13. h4 Rc8 14. Kb1 O-O 15.
h5 Rfd8 16. Qf2 Nc5 17. Bh3 Bxh3 18. Rxh3 Nca4 19. Nd5 Nxd5 20. Rxd5 Qd7 21.
Rh1 Qe6 22. Qg2 Bf8 23. Rhd1 b5 24. Nc1 Rc4 25. Nd3 Rdc8 26. Rd2 Qe8 27. Nc1
R4c6 28. Qf2 Rb8 29. Nb3 Nb6 30. Bxb6 Rcxb6 31. Na5 Be7 32. Qg1 Qc8 33. g6 fxg6
34. hxg6 h6 35. R2d3 Qe6 36. Rc3 Bg5 37. Rc7 Bd8 38. Rf7 Bg5 39. Rc7 Bd8
1/2-1/2

[Event "Torneo Internazionale"]
[Site "Dortmund BRD"]
[Date "1978.04.??"]
[Round "4"]
[White "Andre, Wolfgang"]
[Black "Tatai, Stefano"]
[Result "0-1"]
[WhiteElo "2360"]
[BlackElo "2455"]
[PlyCount "82"]
[EventDate "1978.04.11"]

1. e4 c5 2. Nf3 d6 3. d4 Nf6 4. Nc3 cxd4 5. Nxd4 a6 6. Bg5 e6 7. f4 b5 8. a3
Nbd7 9. Qe2 Qb6 10. O-O-O Bb7 11. g4 Rc8 12. Bxf6 gxf6 13. f5 Rxc3 14. fxe6
fxe6 15. bxc3 Qc5 16. Nxe6 Qxa3+ 17. Kd2 Nc5 18. g5 Nxe6 19. Qh5+ Ke7 20. gxf6+
Kd8 21. Bd3 Qc5 22. Qxc5 Nxc5 23. Ke3 Bh6+ 24. Ke2 Bf4 25. Rhg1 Ne6 26. Rdf1
Be5 27. c4 Rf8 28. cxb5 axb5 29. f7 Ke7 30. h4 b4 31. Rg8 Rxf7 32. Rxf7+ Kxf7
33. Rb8 Nc5 34. Bc4+ Kg6 35. Bd5 Ba6+ 36. Kf3 Kh5 37. Rxb4 Bc8 38. Rb1 Bg4+ 39.
Kg2 Ne6 40. Rh1 Nf4+ 41. Kf2 Nxd5 0-1

[Event "Torneo Internazionale"]
[Site "Dortmund BRD"]
[Date "1978.04.??"]
[Round "5"]
[White "Tatai, Stefano"]
[Black "Wirthensohn, Heinz"]
[Result "1/2-1/2"]
[WhiteElo "2455"]
[BlackElo "2410"]
[PlyCount "33"]
[EventDate "1978.04.11"]

1. e4 c5 2. Nf3 Nc6 3. d4 cxd4 4. Nxd4 Nf6 5. Nc3 e5 6. Ndb5 d6 7. Bg5 a6 8.
Na3 b5 9. Bxf6 gxf6 10. Nd5 f5 11. Bd3 Be6 12. Qh5 Bg7 13. O-O f4 14. c4 bxc4
15. Bxc4 O-O 16. Nc2 Kh8 17. g4 1/2-1/2

[Event "Torneo Internazionale"]
[Site "Dortmund BRD"]
[Date "1978.04.??"]
[Round "11"]
[White "Tatai, Stefano"]
[Black "Borngaesser, Rene"]
[Result "1-0"]
[WhiteElo "2455"]
[BlackElo "2370"]
[PlyCount "83"]
[EventDate "1978.04.11"]

1. d4 f5 2. Nc3 g6 3. e4 fxe4 4. Nxe4 d5 5. Ng5 Bg7 6. Bd3 Qd6 7. f4 Nc6 8. c3
Bf5 9. Bxf5 gxf5 10. Qh5+ Kd7 11. Qe2 Qg6 12. N1f3 h6 13. Nh3 e6 14. Ne5+ Bxe5
15. fxe5 Qg4 16. Qxg4 fxg4 17. Nf4 h5 18. Ng6 Rh7 19. O-O Rg7 20. Nf8+ Ke7 21.
b3 Nd8 22. Ba3+ Ke8 23. Rf4 b6 24. Raf1 Rc8 25. c4 c5 26. dxc5 bxc5 27. cxd5
exd5 28. e6 Ne7 29. Ra4 Ng6 30. Nd7 Nxe6 31. Nf6+ Kd8 32. Nxd5 Rd7 33. Nf6 Rd2
34. Bc1 Rc2 35. Be3 Re2 36. Rxa7 Rc7 37. Ra8+ Rc8 38. Rd1+ Nd4 39. Ra7 Rc7 40.
Bxd4 cxd4 41. Ra8+ Rc8 42. Rxd4+ 1-0